MARC

LEADER 00000nam0a2200000 4500
001 350005
005 20231102010246.0
035 |a (RuTPU)RU\TPU\retro\3441 
035 |a RU\TPU\retro\3386 
090 |a 350005 
100 |a 20181026d1942 km y0rusy50 ca 
101 0 |a rus 
102 |a RU 
105 |a y z 001zy 
200 1 |a Критика и библиография  |e Успехи геологического изучения Казахской ССР за 20 лет  |e [оттиск статьи]  |f В. А. Обручев  |g Академия наук СССР (АН СССР) 
210 |a Москва  |c Издательство Академии наук СССР  |d 1942 
215 |a с. 76, [75], 77, 78 
225 1 |a Известия Академии наук СССР  |e Серия геологическая  |h № 4 
316 |5 63413507: 166//3121  |a На с. 76 штамп-оттиск "От автора" 
316 |5 63413507: 166//3121  |a с. 75 взята из другого источника, напечатана на обороте с. 76 
606 1 |a Геология  |y Казахстан  |2 stltpush  |3 (RuTPU)RU\TPU\subj\72113  |9 85700 
610 1 |a рецензии 
610 1 |a коллекция В. А. Обручева 
610 1 |a оттиски 
610 1 |a владельческие знаки 
610 1 |a библиография 
610 1 |a критика 
610 1 |a геологические исследования 
610 1 |a полезные ископаемые 
610 1 |a геологические выводы 
610 1 |a прогнозирование 
675 |a 55(574)  |v 4 
700 1 |a Обручев  |b В. А.  |c российский геолог  |c профессор Томского технологического института  |c исследователь Сибири, Центральной и Средней Азии  |c географ  |f 1863-1956  |g Владимир Афанасьевич  |2 stltpush  |3 (RuTPU)RU\TPU\pers\996 
712 0 2 |a Академия наук СССР (АН СССР)  |c (Ленинград/Москва)  |c (1925-1991)  |2 stltpush  |3 (RuTPU)RU\TPU\col\722 
801 1 |a RU  |b 63413507  |c 20181001 
801 2 |a RU  |b 63413507  |c 20181217  |g RCR 
942 |c BK